00998cam a2200313 a 45000010005000000030006000050050017000110080041000280100017000690200015000860200015001010350021001160400023001370420009001600500023001690820015001921000019002072450073002262600041002993000057003404400021003975050007004185200143004255210027005685210018005956500031006136500010006447000030006542174FISKH20231108132001.0901217s1991 ohua b 000 0 eng  a 90072104  a0874038235 a0872394107 a(DLC) 90072104 aDLCcDLCdDLCbeng alcac00aBF575.L8bE36 199100a177/.72211 aEberle, Sarah.10aWhat is love? /cwritten by Sarah Eberle ; illustrated by Brown Jan  aCincinnati, Ohio :bStandard,c1980. a24 unnumbered pages :bcolor illustrations ;c21 cm 2aA happy day book aG  aThere is many meaning of love. Love your families and friends. Love your pets and animals. Love your enemies, someone hurt, and many more.8 a380 bLexile estimate 8 aG bRaz-Plus  0aLovexJuvenile literature. 1aLove.1 aJan, Brown eillustrator